Central Library OPAC University of Rajshahi

মুসলিম দর্শন ও সংস্কৃতি / (Record no. 76293)

MARC details
000 -LEADER
fixed length control field 00966nam a22002417a 4500
001 - CONTROL NUMBER
control field 76293
003 - CONTROL NUMBER IDENTIFIER
rucl marc code BD-RjUL
005 - DATE AND TIME OF LATEST TRANSACTION
control field 20211209082825.0
008 - FIXED-LENGTH DATA ELEMENTS--GENERAL INFORMATION
fixed length control field 191120r2019 ||||| |||| 00| 0 ben d
020 ## - INTERNATIONAL STANDARD BOOK NUMBER
International Standard Book Number 9847015602413
035 ## - SYSTEM CONTROL NUMBER
System control number (BD-RjUL)76514
040 ## - CATALOGING SOURCE
Original cataloging agency BD-RjUL
Language of cataloging eng
Transcribing agency BD-RjUL
041 ## - LANGUAGE CODE
Language code of text/sound track or separate title eng
082 ## - DEWEY DECIMAL CLASSIFICATION NUMBER
Edition number 23
Classification number 297.509
Author mark and year ISM 2019
100 ## - MAIN ENTRY--PERSONAL NAME
Personal name ইসলাম, আমিনুল
9 (RLIN) 235212
245 ## - TITLE STATEMENT
Title মুসলিম দর্শন ও সংস্কৃতি /
Statement of responsibility, etc. আমিনুল ইসলাম
250 ## - EDITION STATEMENT
Edition statement পরিমার্জিত প্রথম সংস্করণ /২০১২
260 ## - PUBLICATION, DISTRIBUTION, ETC. (IMPRINT)
Place of publication, distribution, etc. ঢাকা :
Name of publisher, distributor, etc. মাওলা ব্রাদার্স,
Date of publication, distribution, etc. ২০১২ [মুদ্রণ ২০১৯]
300 ## - PHYSICAL DESCRIPTION
Pagination ৩৬৮ পৃ. ;
Size ২২ সেমি.
504 ## - BIBLIOGRAPHY, ETC. NOTE
Bibliography, etc বিবলিওগ্রাফি ও ইনডেক্স সম্বলিত।
650 ## - SUBJECT ADDED ENTRY--TOPICAL TERM
Topical term or geographic name as entry element Islamic philosophy.
9 (RLIN) 235213
942 ## - ADDED ENTRY ELEMENTS (KOHA)
Source of classification or shelving scheme Dewey Decimal Classification
Koha item type Books
Holdings
Lost status Source of classification or shelving scheme Damaged status Not for loan Permanent Location Current Location Shelving location Date acquired Source of acquisition Cost, normal purchase price Total Checkouts Full call number Date last seen Copy number Koha item type Total Renewals Date checked out
  Dewey Decimal Classification   Not For Loan Central Library, University of Rajshahi Central Library, University of Rajshahi Reading Room 11/11/2019 Vidyasagar, Rajshahi 380.00   B 297.509 ISM 2019 20/11/2019 C-1 Books    
  Dewey Decimal Classification     Central Library, University of Rajshahi Central Library, University of Rajshahi   11/11/2019 Vidyasagar, Rajshahi 380.00 2 B 297.509 ISM 2019 29/12/2022 C-2 Books 1 27/12/2022